| 000 | 00862cab a2200241 4500 | ||
|---|---|---|---|
| 001 | ABS57974 | ||
| 008 | 090401t1997 xxu||||| |||| 00| 0 eng d | ||
| 035 | _a(Sirsi) u82290 | ||
| 041 | _aeng | ||
| 100 | _aTomalin, C. | ||
| 245 | _aTown centre health checks: some developments from practice | ||
| 260 | _c1997 | ||
| 350 | _a0 | ||
| 490 |
_aPlanning Practice & Research _v12(4) 1997, 383-392(10) |
||
| 520 | _aCritical review of PPG6 in relation to town centre health checks as devised by the DoE. Author argues that the methodology used in checks is not complete and advice on data collection in PPG6 is unclear. Examples, references. | ||
| 650 | _aHEALTH CHECKS | ||
| 650 | _aPLANNING POLICY GUIDANCE NOTE SIX | ||
| 650 | _aRETAIL PLANNING | ||
| 650 | _aTOWN CENTRES | ||
| 690 | _aPLANNING LAW AND PRACTICE | ||
| 942 | _n0 | ||
| 948 | _c21/11/1997 | ||
| 999 |
_c51929 _d51929 |
||